| 000 | 01090cam a2200349 i 4500 | ||
|---|---|---|---|
| 001 | 25905 | ||
| 003 | Mx-PuUPA | ||
| 005 | 20230904092316.0 | ||
| 008 | 140415s1974 sp gr 000 0 spa d | ||
| 017 | _aM. 35.082 - 1974 | ||
| 020 | _a8432109908 | ||
| 040 |
_cMx-PuUPA _aMx-PuUPA _bspa _dMx-PuUPA _erda |
||
| 041 | 0 | _aspa | |
| 100 | 1 |
_aUrteaga, Jesus, _eautor |
|
| 245 | 1 | 0 |
_aDios y los hijos / _cJesús Urteaga |
| 250 | _aUndécima edición | ||
| 264 | 1 |
_aMadrid : _bEdiciones RIALP, _c1974 |
|
| 300 |
_a315 páginas ; _c19 cm |
||
| 336 |
_2rdacontent _atexto _btxt |
||
| 337 |
_2rdamedia _asin medio _bn |
||
| 338 |
_2rdacarrier _avolumen _bnc |
||
| 490 | 0 | _aPatmos | |
| 490 | 0 |
_aLibros de espiritualidad ; _v100 |
|
| 650 | 7 |
_2armarc _aEducación cristiana de niños _x |
|
| 650 | 7 |
_2armarc _aPadres e hijos _xAspectos religiosos |
|
| 650 | 7 |
_2armarc _aIglesia católica _xEducación |
|
| 942 |
_2ddc _cLI _h268.432 _iU824 |
||
| 999 |
_c25905 _d25905 |
||